| 000 | 01190namaa2200325 i 4500 | ||
|---|---|---|---|
| 003 | EG-GICUC | ||
| 005 | 20251123131831.0 | ||
| 008 | 251123s2000 ua a|||jr|||| 000 0 ara d | ||
| 017 |
_a1999 / 7798 _bدار الكتب والوثائق القومية (مصر) |
||
| 020 | _a9775772249 | ||
| 040 |
_aEG-GiCUC _bara _cEG-GiCUC _dEG-GiCUC _erda |
||
| 082 | 0 | 4 |
_221 _a810.92 _bZ824g |
| 092 | 0 | 4 |
_221 _a810.92 _bZ824g |
| 099 | _a810.92 Z824g 2000 | ||
| 100 | 1 |
_aغازى، خالد محمد _eمؤلف. |
|
| 245 | 1 | 0 |
_aجنون امرأة : _bمى زيادة / _cخالد محمد غازى. |
| 250 | _aالطبعة الثانية | ||
| 264 |
_aالجيزة (مصر) : _bوكالة الصحافة العربية، _c2000. |
||
| 300 |
_a267 صفحة : _bإيضاحيات ؛ _c20 سم |
||
| 336 |
_2rdacontent _atext |
||
| 337 |
_2rdamedia _aUnmediated |
||
| 338 |
_2rdacarrier _avolume |
||
| 504 | _aيشتمل على ارجاعات ببليوجرافية. | ||
| 541 |
_aد. جابر عصفور ؛ _bالقاهرة ؛ _cإهداء ؛ _d2024. |
||
| 600 | _aزيادة، مى | ||
| 650 | 1 | 7 |
_aالادباء العرب _2qrmak |
| 651 | 1 | _2qrmak | |
| 905 | _aAya | ||
| 942 |
_2ddc _cBK _e21 _n0 |
||
| 999 |
_c176126 _d176126 |
||